[Event "The Asheboro Open VII"]
[Site "TOMCO-6BD9B49FE"]
[Date "2005.12.17"]
[Round "?"]
[White "Hales, W.."]
[Black "Simpson, Ron"]
[Result "0-1"]
[WhiteElo "1593"]
[BlackElo "2250"]
[Annotator "Fritz 9 (30s)"]
[PlyCount "72"]
[EventDate "2005.??.??"]
[SourceDate "2006.11.11"]

{C91: Closed Ruy Lopez: 7...d6 8 c3 0-0 9 d4} 1. e4 e5 2. Nf3 Nc6 3. Bb5 a6 4.
Ba4 Nf6 5. O-O b5 6. Bb3 Be7 7. Re1 O-O 8. c3 d6 9. d4 Bg4 10. d5 Nb8 11. Bc2 (
11. h3 Bh5 12. Nbd2 Qd7 13. Nf1 c6 14. Ng3 Bg6 15. a4 cxd5 16. exd5 Qb7 17. Nh4
Nbd7 18. Ngf5 Nc5 19. Bg5 Qd7 20. Nxe7+ Qxe7 21. f4 Nxb3 22. Qxb3 Bd3 23. Qd1
Bc4 24. axb5 Bxb5 25. Nf5 Qa7+ {
Apicella,M (2522)-Herndl,G (2181)/Rethymnon 2003/CBM 098/1-0}) 11... Nbd7 12.
Be3 Nc5 $146 (12... Rb8 13. Nbd2 Nb6 14. Qe2 Qd7 15. Bxb6 Rxb6 16. a4 c5 17.
axb5 axb5 18. Ra2 Rfb8 19. Rea1 Qc7 20. Nb3 Bd7 21. Nfd2 Bf8 22. Nf1 g6 23. Ne3
Qc8 24. f3 Bh6 25. Kh1 Nh5 26. Ng4 Bxg4 27. fxg4 {
Janssen,A-Van Eijk,S/Leiden 1999/EXT 2000/1-0 (46)}) (12... Qc8 13. Nbd2 $11)
13. Bxc5 (13. h3 $5 Bxf3 14. Qxf3 $16 (14. gxf3 $6 Nh5 $11)) 13... dxc5 $11 {
Black has the pair of bishops} 14. Nbd2 (14. h3 Bxf3 15. Qxf3 c6 $11) 14... Nd7
15. a4 c4 {This push gains space} 16. Qb1 (16. b3 cxb3 17. Nxb3 bxa4 $14) 16...
Bc5 17. b3 cxb3 18. Bxb3 b4 (18... Qf6 19. h3 Bh5 20. axb5 axb5 21. Qd3 $15)
19. cxb4 Bxb4 20. Rc1 Rb8 21. Qc2 Bd6 {The black bishop is safe in front of d5}
22. Ne1 Nc5 23. Bc4 Qg5 24. f3 {White threatens to win material: f3xg4} (24.
Kh1 Qf4 25. Nd3 Nxd3 26. Bxd3 Qxf2 27. Bxa6 Qd4 $14) 24... Bd7 $15 25. Nf1 (25.
Nd3 $5 $15 {must be considered}) 25... f5 26. a5 $2 (26. Ng3 $142 $5 fxe4 27.
Nxe4 $15) 26... fxe4 $19 27. fxe4 Rb4 28. Nf3 $4 {
terrible, but what else could White do to save the game?} (28. Ng3 $142 Qe3+
29. Kh1 $19) 28... Rxf3 29. Qe2 (29. Rcb1 {does not solve anything} Nxe4 $1 {
a beautiful, forced end to the game} 30. Qxe4 Rf4 $19) 29... Rf4 (29... Bg4 {
and Black can already relax} 30. Qc2 $19) 30. Ng3 (30. Nd2 {does not help much}
Qg6 31. Rf1 Rg4 $19) 30... h5 31. Rab1 (31. Qxh5 {praying for a miracle} Qxh5
32. Nxh5 Rxe4 33. Ba2 $19) 31... Rxb1 32. Rxb1 h4 33. Rb8+ (33. Qh5 {
does not win a prize} Qxh5 34. Nxh5 Rxe4 $19) 33... Kh7 34. Qh5+ Qxh5 35. Nxh5
Rxe4 36. Ba2 Nd3 (36... Nd3 37. Nf6+ gxf6 38. Rb1 Bc5+ 39. Kh1 h3 40. Bc4 hxg2+
41. Kxg2 Re2+ 42. Kh1 Bf5 43. Bxd3 Bxd3 44. Rb4 Bxb4 45. Kg1 Ra2 46. Kh1 Bc5
47. h4 Be4#) (36... Re1+ 37. Kf2 Nd3+ 38. Kf3 e4#) 0-1

[Event "The Asheboro Open VII"]
[Site "?"]
[Date "2005.12.17"]
[Round "?"]
[White "Mike Eberhardinger"]
[Black "Dave Pecora"]
[Result "0-1"]
[WhiteElo "2101"]
[BlackElo "1779"]
[Annotator "Fritz 9 (30s)"]
[PlyCount "46"]
[EventDate "12.??.??"]
[SourceDate "2006.11.11"]

{B41: Sicilian: Kan Variation: 5 c4} 1. e4 c5 2. Nf3 e6 3. d4 cxd4 4. Nxd4 a6
5. c4 Nf6 6. Nc3 Qc7 7. a3 Nc6 8. Be3 d6 9. Be2 Be7 10. O-O O-O 11. b4 $146 {
Black has a cramped position} (11. Rc1 Rd8 (11... Nxd4 12. Qxd4 Bd7 13. Rfd1
Rfc8 (13... Rfd8 14. Qd3 Rac8 15. Bf4 e5 16. Be3 Be6 17. Nd5 Bxd5 18. cxd5 Qb8
19. b4 Rxc1 20. Rxc1 Rc8 21. Rc4 Bd8 22. g3 Rxc4 23. Qxc4 Qc7 24. Qd3 Nd7 25.
Kg2 g6 26. Qb3 Kg7 27. h3 Qc8 28. Bd1 {
Somlai,L (2360)-Izsak,G (2365)/Hungary 1994/TD/1/2-1/2 (44)}) 14. f3 Qb8 15. a4
Qc7 {1/2-1/2 Voekler,B (2360)-Vatter,H (2385)/Binz 1995/CBM 050 ext}) (11...
Bd7 12. f4 Rac8 13. Qd2 Qb8 14. Kh1 Rfd8 15. Qe1 Nxd4 16. Bxd4 Bc6 17. Bf3 b5
18. cxb5 axb5 19. f5 e5 20. Be3 h6 21. Qg3 Kh8 22. Rfd1 Qb7 23. Nd5 Bxd5 24.
exd5 e4 25. Be2 Nxd5 26. Bd4 {
Storkebaum,U-Muth,A/Moerlenbach 2004/EXT 2005/0-1 (60)}) 12. Qc2 Ne5 13. f3 Bd7
14. Nb1 Rac8 15. Qb3 Be8 16. Rc3 Ned7 17. Rfc1 Nc5 18. Qd1 Na4 19. R3c2 Qb8 20.
b3 Nc5 21. b4 Ba4 22. Nc3 Bxc2 23. Qxc2 Ncd7 24. f4 Qa8 25. g4 a5 {
Lode,S-Amadou,D (2190)/France 1998/EXT 2002/1/2-1/2 (31)}) (11. f4 Bd7 12. Qe1
Na5 13. Rc1 Rac8 14. b4 Nc6 15. Qg3 Qb8 16. Nf3 b5 17. cxb5 axb5 18. e5 Nd5 19.
Nxd5 exd5 20. f5 dxe5 21. Bh6 g6 22. fxg6 fxg6 23. Bxf8 Bxf8 24. Ng5 Bg7 25.
Qf3 Qd6 {Bachini,A-Rivarola,B/Atlantida 1960/MCD/1-0 (44)}) 11... Rd8 12. Qc2 (
12. f4 $5 $14) 12... Ne5 $11 13. Na4 {
White plans c5. White has a very active position} (13. Qd2 $5 $11 {
deserves consideration}) 13... Bd7 $15 14. Rac1 Bxa4 (14... Neg4 $5 15. Bxg4
Nxg4 $17) 15. Qxa4 $11 Nxe4 {White has the pair of bishops} 16. f3 {
White threatens to win material: f3xe4} Nf6 17. c5 $4 (17. Qc2 $142 $15 {
was a good chance to save the game}) 17... dxc5 $19 18. bxc5 Bxc5 19. Kh1 Qb6
20. Rb1 (20. Rfd1 $19) 20... Qa7 (20... Rxd4 {is a useless try} 21. Bxd4 Qd6
22. Bxc5 Qxc5 23. Rxb7 $16) 21. Rfd1 h6 (21... Nd5 {and Black can already relax
} 22. Nxe6 fxe6 23. Bd2 $19) 22. Rb2 (22. f4 Nd5 23. Nb5 axb5 24. Qxa7 Bxa7 25.
Bxa7 $19) 22... b5 23. Bxb5 (23. Nxb5 {there is nothing better in the position}
Rxd1+ 24. Qxd1 axb5 25. Bf4 $19) 23... axb5 (23... axb5 24. Qxa7 Bxa7 $19) 0-1

[Event "The Asheboro Open VI"]
[Site "?"]
[Date "2005.11.26"]
[Round "3"]
[White "Greene, Matthew"]
[Black "Smithwick, John"]
[Result "1-0"]
[WhiteElo "1600"]
[BlackElo "2068"]
[Annotator "Fritz 9 (30s)"]
[PlyCount "93"]
[SourceDate "2006.11.11"]

{A84: Dutch Defence: 2 c4 Miscellaneous} 1. d4 d5 2. c4 e6 3. Nc3 f5 4. cxd5
exd5 5. Nf3 c6 6. Bg5 Nf6 7. e3 Bb4 $146 (7... Be7 8. Bd3 O-O (8... Ne4 9. Bxe7
Qxe7 10. O-O Nd7 11. Qc2 O-O 12. Rae1 Nb6 13. Ne5 Nd7 14. Nxd7 Bxd7 15. f3 Nxc3
16. bxc3 Rad8 17. Qb3 Bc8 18. e4 fxe4 19. fxe4 Rxf1+ 20. Rxf1 Kh8 21. e5 Qg5
22. Qc2 g6 23. Qf2 {
Kochert,B (1815)-Holemar,K (1630)/Klatovy 1997/EXT 98/1-0 (44)}) 9. O-O Qe8 (
9... Ne4 10. Bxe7 Qxe7 11. Ne5 Nd7 12. f4 Rf6 13. Nxe4 fxe4 14. Be2 Nxe5 15.
fxe5 Rxf1+ 16. Qxf1 Be6 17. Qe1 Qg5 18. Qg3 Qxg3 19. hxg3 b6 20. Rc1 Rc8 21. b4
Rc7 22. a4 Kf7 23. a5 Ke7 24. Kf2 {
Gasik,P (2175)-Zhang Yushkov,N (2168)/Dos Hermanas 2003/EXT 2004/1-0 (50)}) 10.
Qc2 Ne4 11. Bxe7 Qxe7 12. a3 Nd7 13. b4 a6 14. Na4 Rf6 15. Nc5 Rh6 16. Nxd7
Bxd7 17. a4 Rf8 18. b5 axb5 19. axb5 Qe8 20. bxc6 bxc6 21. Ra7 Qh5 22. Rb1 {
Heinrich,S-Umpfenbach,C (2036)/Neumuenster 1999/EXT 2000/1-0 (38)}) (7... Bd6
8. Bd3 O-O 9. Qc2 h6 10. Bh4 Qd7 11. Bg3 Ne4 12. Bxd6 Qxd6 13. Ne5 Nd7 14. f4
Nxe5 15. fxe5 Qe7 16. O-O Be6 17. Ne2 g5 18. Bxe4 dxe4 19. g4 fxg4 20. Qxe4 Qh7
21. Nc3 Rxf1+ 22. Rxf1 {
Gabaldon Gomez,M (2250)-Lima,D (2420)/Suances 1997/EXT 2002/1-0}) 8. Bd3 O-O 9.
Qc2 g6 (9... Qe8 $5 $14) 10. O-O Bd6 11. Rac1 Nbd7 12. h4 (12. Ne2 Re8 $16)
12... Kg7 13. h5 (13. Ne2 Qc7 $16) 13... h6 $14 14. Bxf6+ Qxf6 15. hxg6 b5 $4 (
15... Qxg6 $142 {would keep Black alive} 16. Ne2 Qg4 $14) 16. g3 (16. Ne2 c5
17. Bxb5 Rb8 $18) 16... Nb6 17. Ne2 Bd7 18. Nf4 Bxf4 19. exf4 (19. gxf4 $6
Qxg6+ 20. Kh1 Qh5+ 21. Nh2 Rg8 $14) 19... Rac8 20. b3 Be8 21. Ne5 h5 22. Kg2
Bxg6 23. Rh1 Be8 24. Be2 Rh8 25. Rh4 c5 26. dxc5 d4 (26... Nd7 {
doesn't do any good} 27. Qb2 $18) 27. Qd1 Rd8 (27... Nd5 {
is still a small chance} 28. Qxd4 Ne7 $18) 28. cxb6 Qxb6 29. Qd3 (29. Bxh5 Qb7+
30. Kg1 d3 31. Bxe8 Rxh4 32. gxh4 Rd6 $18) 29... Kf6 (29... Qe6 {
there is nothing better in the position} 30. Rc7+ Kg8 31. Rxa7 Rh6 $18) 30.
Bxh5 $1 {White has to consider giving back material.} Rxh5 (30... Bxh5 {
Theme: Deflection from c6} 31. Rc6+ {A double attack}) 31. Rxh5 Qb7+ 32. f3 (
32. Kh2 $5 {might be the shorter path} Bxh5 33. Rc6+ Qxc6 34. Nxc6 Rd5 $18)
32... Bxh5 33. Rc6+ Qxc6 (33... Kg7 {no good, but what else?} 34. Qxf5 Bxf3+
35. Kxf3 Rd6 $18) 34. Nxc6 Rd5 35. Nxa7 (35. Qe2 $142 {secures the point} Bf7
36. Qe7+ Kg6 $18) 35... Be8 36. Nc8 Rd8 37. Nb6 (37. Qe2 Rxc8 38. Qe5+ Kg6 39.
Qe6+ Kg7 40. Qxc8 Bg6 41. Qd7+ Kh8 42. Qxd4+ Kh7 43. g4 Bf7 44. gxf5 Bh5 45.
Qd7+ Kh6 46. f6 Kg6 47. Qg7+ Kf5 48. f7 Kxf4 49. f8=Q+ Ke3 50. Qc5+ Kd2 51.
Qd7+ Ke2 52. Qf2#) 37... Bc6 38. a4 (38. Qc2 Rd6 39. Qc5 Re6 40. Qf8+ Kg6 41.
Qg8+ Kf6 42. Qg5+ Kf7 43. Qxf5+ Ke7 44. Nc8+ Kd7 45. Qf7+ Kxc8 46. Qxe6+ Bd7
47. Qa6+ Kc7 48. Qa7+ Kc6 49. Qxd4 Be6 $18) 38... bxa4 39. bxa4 Ke7 40. a5 Kd6
41. Qxd4+ Kc7 42. Qg7+ Kb8 43. a6 Rd2+ 44. Kh3 Bd7 45. Nxd7+ Ka7 46. Qf7 Kxa6 (
46... Rd6 {doesn't change anything anymore} 47. Nb8+ $1 {
Theme: Clearance for f7-b7} Kb6 48. Qb7+ Kc5 49. Qc7+ Kd5 50. a7 Rh6+ 51. Kg2
Rh4 52. a8=Q+ Kd4 53. Qa4+ Kd3 54. Qd6+ Ke3 55. Qe8#) 47. Qxf5 (47. Qxf5 Kb7
48. Qb1+ Kc8 49. Qc1+ Rc2 50. Qxc2+ Kxd7 51. f5 Kd6 52. Qc4 Ke5 53. Qc5+ Kf6
54. Qd6+ Kf7 55. Qd7+ Kf6 56. Qe6+ Kg7 57. Qe7+ Kh8 58. f6 Kg8 59. Qg7#) 1-0

[Event "The Asheboro Open V"]
[Site "?"]
[Date "2005.10.22"]
[Round "3"]
[White "Keller, Laurin"]
[Black "Timmel, John"]
[Result "0-1"]
[WhiteElo "1705"]
[BlackElo "2060"]
[Annotator "Fritz 9 (30s)"]
[PlyCount "42"]
[EventDate "2005.09.03"]
[SourceDate "2006.11.11"]

{A65: Modern Benoni: 6 e4} 1. d4 Nf6 2. c4 c5 3. d5 e6 4. Nc3 exd5 5. cxd5 d6
6. e4 g6 7. Qc2 (7. Bc4 Bg7 8. Nge2 O-O 9. O-O Re8 10. f3 a6 11. a4 Nbd7 12.
Ng3 h5 13. Bg5 Ne5 14. Be2 c4 15. Qd2 Qc7 16. Rfe1 Rb8 17. Be3 Nfd7 18. f4 Ng4
19. Bd4 b5 20. axb5 axb5 21. Bxg4 hxg4 {
Geldyeva,M (2284)-Wang Yu (2382)/Chennai 2001/CBM 084 ext/0-1 (43)}) 7... Bg7
8. Bg5 $146 {Black has a cramped position} (8. f3 O-O 9. g4 a6 10. a4 Re8 11.
h4 Nbd7 12. h5 Ne5 13. hxg6 fxg6 14. Bh6 Bh8 15. O-O-O b5 16. axb5 axb5 17.
Bxb5 Ra1+ 18. Kd2 Rxd1+ 19. Qxd1 Bd7 20. Qa4 Bxb5 21. Nxb5 Qb6 22. g5 Nh5 {
Varadi,A-Kundrak,G (2232)/Hungary 1999/EXT 2001/0-1 (32)}) (8. Bc4 O-O 9. Nge2
Nbd7 10. f4 Nb6 11. Qd3 Nxc4 12. Qxc4 b5 13. Nxb5 Nxe4 14. Qxe4 Re8 15. Qd3 Bf5
16. Qd2 Bg4 17. Nbc3 Bxc3 18. bxc3 Bxe2 19. Kf2 Qh4+ 20. g3 Qh5 21. Bb2 Rab8
22. Rae1 Qf3+ {Utturkar,A (1458)-Goldsmith,A (2247)/Adelaide 2003/EXT 2005/0-1}
) (8. Bb5+ Nbd7 9. Bg5 O-O 10. Nf3 a6 11. Bd3 b5 12. b3 Qc7 13. Rc1 Ng4 14. Qd2
Re8 15. O-O Nge5 16. Bb1 Nxf3+ 17. gxf3 Ne5 18. Qf4 Qd7 19. Qg3 Qh3 20. Qxh3
Bxh3 21. Rfd1 Nxf3+ {0-1 Schmidt,F-MacDonald,J/Nuremberg 1989/EXT 97}) 8... O-O
9. f3 {Prevents intrusion on g4} (9. Nf3 h6 10. Bf4 a6 $14) 9... Na6 (9... a6
10. g4 $11) 10. Nge2 (10. Bxa6 bxa6 11. Qd2 Rb8 $14) 10... Rb8 (10... Qb6 11.
Qd2 $14) 11. h4 (11. Ng3 b5 $14) 11... h6 {
Black threatens to win material: h6xg5} 12. Bf4 b5 13. a3 {Covers b4} (13. Qd2
$5 Kh7 14. Ng3 $11) 13... Nh5 $15 14. Bd2 (14. Be3 $5 {
is worthy of consideration} b4 15. axb4 Nxb4 16. Qd2 $15) 14... b4 15. axb4 $4
{causes further problems for ?} (15. Nd1 $142 f5 16. Qc1 fxe4 17. Bxh6 exf3 18.
gxf3 $17) 15... Nxb4 $19 16. Qb1 Ba6 (16... c4 $142 {keeps an even firmer grip}
17. Bc1 Nd3+ 18. Kd2 Qb6 $19) 17. g4 $4 {the position is going down the drain}
(17. Rxa6 $142 Nxa6 18. g4 $17) 17... Nd3+ $19 18. Kd1 (18. Qxd3 Bxd3 19. gxh5
Rxb2 20. hxg6 fxg6 21. Rxa7 Rxf3 22. Rxg7+ Kxg7 $19) 18... Nxb2+ (18... Rxb2 {
might be the shorter path} 19. Rxa6 Rxb1+ 20. Nxb1 $19) 19. Ke1 Nd3+ 20. Qxd3
Bxd3 21. gxh5 gxh5 (21... gxh5 22. Rxa7 c4 $19) (21... Qe7 $142 $5 {
seems even better} 22. Rd1 $19) 0-1

[Event "The Asheboro Open V"]
[Site "?"]
[Date "2005.10.22"]
[Round "2"]
[White "Timmel, John"]
[Black "Lawson, Josh"]
[Result "1-0"]
[WhiteElo "2063"]
[BlackElo "1811"]
[Annotator "Fritz 9 (30s)"]
[PlyCount "76"]
[EventDate "2005.09.03"]
[SourceDate "2006.11.11"]

{C00: French: Unusual White 2nd moves} 1. e4 c5 2. Nf3 Nc6 3. d3 e6 4. g3 d5 5.
Nbd2 h6 $146 {Prevents intrusion on g5} (5... g5 6. Bg2 h6 7. O-O Bg7 8. Re1 (
8. exd5 exd5 9. Re1+ Nge7 10. Nb3 b6 11. c3 a5 12. a4 Bf5 13. d4 c4 14. Nbd2
O-O 15. h4 g4 16. Nh2 Qd7 17. b3 cxb3 18. Qxb3 Rfb8 19. Ba3 Be6 20. Nhf1 Nf5
21. Ne3 Nxe3 22. Rxe3 Rc8 {
Loginov,V (2516)-Chepukaitis,G (2413)/St Petersburg 2004/CBM 101/1-0 (32)})
8... Nge7 9. c3 O-O 10. Nf1 {
1/2-1/2 Vorobiov,E (2477)-Ulko,J (2397)/Moscow 1999/EXT 2001}) (5... f5 6. Qe2
Be7 7. Bg2 Nf6 8. O-O O-O 9. b3 Qc7 10. Bb2 b5 11. a4 b4 12. exf5 exf5 13. Rae1
Bd7 14. Ng5 Kh8 15. Ne6 Bxe6 16. Qxe6 Rad8 17. Qxf5 Ne4 18. Qg4 Bf6 19. Bxf6
Nxf6 20. Qd1 {Lee,P-Tejero Royo,F/Zuerich 1964/EXT 99/1-0 (39)}) 6. c3 {
Controls b4+d4} Bd6 7. Qe2 Nge7 8. Bg2 O-O 9. e5 (9. O-O b6 $11) 9... Bc7 10.
d4 (10. O-O a5 $15) 10... Ng6 (10... cxd4 $5 11. cxd4 a5 $17) 11. O-O $15 Bb6 (
11... b6 12. Re1 $15) 12. Nb3 {White threatens to win material: Nb3xc5} c4 {
Black threatens to win material: c4xb3} (12... cxd4 13. cxd4 a5 14. a4 $11) 13.
Nbd2 $14 Ba5 14. h4 f5 (14... Bd7 15. h5 Nge7 16. g4 $11) 15. exf6 (15. Nb1 $5
$14) 15... Qxf6 $11 {Black has a new backward pawn: e6} 16. h5 {
White threatens to win material: h5xg6} Nge7 17. Re1 (17. Ne5 Nxe5 18. dxe5 Qf5
$11) 17... Bc7 (17... b5 18. Nb1 $15) 18. Nf1 (18. b3 b5 $14) 18... Qf7 {
Black threatens to win material: Qf7xh5} 19. Nh4 e5 20. Ng6 Nxg6 (20... Qxg6
21. hxg6) 21. hxg6 Qxg6 22. Bxd5+ {White forks: c4+g8} Kh8 23. Qxc4 ({
Instead of} 23. dxe5 Nxe5 24. Be4 Bf5 $17) 23... Qf5 {
Black threatens to win material: Qf5xf2} (23... exd4 $5 {
is worthy of consideration} 24. cxd4 Bf5 $15) 24. Be3 $14 Bb6 25. Bxc6 (25.
Rad1 exd4 26. cxd4 Na5 $14) 25... bxc6 $11 26. Qxc6 {
Black has the pair of bishops} Rb8 27. Qg2 Bb7 {
Black threatens to win material: Bb7xg2} (27... exd4 28. cxd4 (28. Bxd4 $143
Bxd4 29. cxd4 Rxb2 $17) 28... Bb7 29. Qh2 $11) 28. Qh2 exd4 29. cxd4 (29. Bxd4
Bxd4 30. cxd4 Bf3 $14) 29... Rbd8 $11 30. Red1 {White has a cramped position} (
30. Rad1 Qf7 $11) 30... Bf3 {Black threatens to win material: Bf3xd1} 31. Rdc1
Bxd4 32. Rc7 (32. Bxd4 Rxd4 33. b3 $15) 32... Ba8 {Loses material} (32... Bxb2
33. Re1 Qg6 34. Nd2 $17) 33. Rc4 (33. Bxd4 $142 $5 {and White can hope to live}
Rxd4 34. Re1 $11) 33... Bxb2 $17 34. Re1 Bf6 35. g4 (35. Bc5 Rfe8 36. Rxe8+
Rxe8 $17) 35... Qd5 (35... Qe6 $5 36. Rf4 $19) 36. Rc5 $17 Qe4 (36... Qxa2 $6
37. g5 Be7 38. gxh6 Bxc5 39. hxg7+ Kxg7 40. Qh6+ Kg8 41. Qg5+ Kh8 42. Qh4+ Kg8
43. Bxc5 $11) 37. g5 Bd4 {Black threatens to win material: Bd4xc5} (37... Qg6
$5 $17) 38. Rc4 Be5 {white won in a time scramble many moves later} 1-0

[Event "The Asheboro Open V"]
[Site "?"]
[Date "2005.10.22"]
[Round "1"]
[White "Timmel, John"]
[Black "Solarez, Daniel"]
[Result "0-1"]
[WhiteElo "2066"]
[BlackElo "1803"]
[Annotator "Fritz 9 (30s)"]
[PlyCount "64"]
[EventDate "2005.09.03"]
[SourceDate "2006.11.11"]

{B03: Alekhine's Defence: Four Pawns Attack} 1. e4 Nf6 2. e5 Nd5 3. d4 d6 4. c4
Nb6 5. exd6 cxd6 6. Nc3 g6 7. Be3 Bg7 8. Rc1 O-O 9. b3 e5 10. dxe5 dxe5 11. c5
N6d7 12. Bc4 Nc6 13. Nge2 Qa5 (13... Nf6 14. O-O h6 15. h3 Na5 16. Nb5 Nxc4 17.
Rxc4 Be6 18. Rc1 Nd5 19. Bd2 Qe7 20. Qc2 Rfd8 21. Rfd1 Rac8 22. Nxa7 Ra8 23.
Nb5 Bd7 24. Nd6 Bc6 25. Nc3 Nf4 26. Bxf4 exf4 27. Re1 Qg5 28. Nce4 {
Di Berardino,D (2312)-Vukanovic,S (2350)/Dos Hermanas 2004/CBM 099 ext/1-0})
14. O-O (14. a3 Nd4 15. Nxd4 exd4 16. Bxd4 Re8+ 17. Kf1 Bxd4 18. Qxd4 Qxa3 19.
Qf4 Nf6 20. Nb5 Qb2 21. Nd6 Be6 22. Rd1 Rad8 23. h4 Bxc4+ 24. Qxc4 Ne4 25.
Qxf7+ Kh8 26. Qf3 Nxd6 27. cxd6 Rf8 28. Qe3 Rfe8 {
Rowson,J (2490)-Baburin,A (2593)/Port Erin 1999/CBM 074/1/2-1/2 (102)}) 14...
Nxc5 15. Nd5 $146 (15. b4 Nxb4 16. Nd5 Nxd5 (16... Ne4 17. Qe1 Nc6 18. Ne7+ Kh8
19. Nxc6 Qxe1 20. Rfxe1 bxc6 21. Bd3 Nf6 22. Rxc6 Be6 23. a3 Rfd8 24. Ba6 Nd5
25. Bg5 Rdb8 26. Rec1 Rb6 27. Bd2 Bf8 28. a4 Rxc6 29. Rxc6 Nb4 30. Bxb4 Bxb4
31. Nc1 {
Markarov,A (2274)-Bratchenko,A (2400)/St Petersburg 2000/CBM 076/0-1 (42)}) 17.
Qxd5 b6 18. Bxc5 Be6 19. Qe4 bxc5 20. Bxe6 fxe6 21. Qc4 Rfd8 22. Qxe6+ Kh8 23.
Ng3 Qb6 24. Qe7 Rac8 25. Ne4 Qc7 26. Qxc7 Rxc7 27. Rxc5 Rxc5 28. Nxc5 Rc8 29.
Nb3 Kg8 {
Florescu,C (2333)-Grunberg,M (2445)/Baile Tusnad 1999/EXT 2000/1/2-1/2 (39)})
15... Ne6 16. b4 Qd8 ({Weaker is} 16... Nxb4 17. Bd2 Qxd5 18. Bxd5 Nxd5 19. Bg5
$16) 17. Qa4 (17. f4 exf4 18. Nexf4 Nxf4 19. Bxf4 Be6 $15) 17... Bd7 18. f4 (
18. b5 Ncd4 19. Qb4 Nxe2+ 20. Bxe2 Nd4 21. Bxd4 exd4 $17) 18... exf4 (18...
Ncd4 $5 19. Qa5 Nxe2+ 20. Bxe2 Qxa5 21. bxa5 exf4 22. Nxf4 Rae8 $17) 19. Nexf4
$15 Nxf4 20. Bxf4 Ne5 21. Bb5 Bf5 22. Rfd1 Rc8 $4 {
letting the wind out of his own sails} (22... Nd3 $142 $1 {
is the best option Black has} 23. Bxd3 Qxd5 24. Bxf5 Qxf5 $17) 23. Rxc8 $16
Bxc8 24. Qxa7 Qh4 25. Bg3 {White threatens to win material: Bg3xh4} (25. Qc5
$142 $5 Nc6 26. Bxc6 bxc6 27. Ne7+ Kh8 28. Be5 $16) 25... Qg4 $14 {
Black threatens to win material: Qg4xd1} 26. Qa4 {White has an active position}
(26. Re1 Nf3+ 27. gxf3 Bd4+ 28. Ne3 Qxg3+ (28... Bxa7 $4 {a fat bite, but...}
29. fxg4 Bxg4 30. Kf1 $18) 29. hxg3 Bxa7 $11) 26... Be6 $11 27. Ne3 (27. Nf4 $5
$11 {should be considered}) 27... Qe4 {Black threatens to win material: Qe4xe3}
28. Bf2 Ng4 (28... f5 $5 $17) 29. Nxg4 $11 Qxg4 30. Qc2 (30. h3 $5 Qf4 31. Bf1
$11) 30... Qxb4 {Black has a new backward pawn: b7} 31. Bc5 $4 {
causes even greater problems} (31. a4 $142 $17) 31... Qxb5 $19 32. Bxf8 Bxf8 (
32... Bxf8 33. a4 Qe5 $19) (32... Kxf8 $6 33. Rd8+ Ke7 34. Rd1 $19) 0-1

[Event "The Asheboro Open IV"]
[Site "?"]
[Date "2005.09.17"]
[Round "?"]
[White "Parrish, Jacob"]
[Black "Dana, Maurice"]
[Result "1-0"]
[WhiteElo "1849"]
[BlackElo "2202"]
[Annotator "Fritz 9 (30s)"]
[PlyCount "85"]
[SourceDate "2006.11.11"]

{A04: Unusual lines after 1 Nf3 and King's Indian Attack} 1. Nf3 Nf6 2. g3 g6
3. Bg2 Bg7 4. O-O O-O 5. d3 c5 6. a3 $146 (6. c3 Qc7 (6... d6 7. Nbd2 Nbd7 8.
e4 Rb8 9. a4 b6 10. Re1 Ba6 11. d4 Bb7 12. h3 e6 13. g4 h6 14. e5 Ne8 15. Nc4
d5 16. Na3 Nc7 17. Bf4 Re8 18. Bg3 Nf8 19. Nh2 a6 20. f4 f5 21. h4 {
Haug,F (1967)-Hardersen,S (1506)/Alta 2001/EXT 2005/1-0 (55)}) 7. e4 b6 8. Bf4
d6 9. Qd2 Bb7 10. Bh6 c4 11. Bxg7 Kxg7 12. Nh4 cxd3 13. Re1 Nbd7 14. Qxd3 Nc5
15. Qc2 Rac8 16. Nd2 e6 17. h3 Ba6 18. Re3 Rfd8 19. Nhf3 e5 20. c4 Bb7 {
Anceschi,V-Bessenay,M/Groningen 1972/EXT 2001/1-0 (51)}) (6. Nc3 d6 7. e4 e5 8.
Ng5 h6 9. Nh3 Nc6 10. Kh1 Bd7 11. f4 Bg4 12. Qe1 Nd4 13. Qf2 Qd7 14. Ng1 exf4
15. gxf4 Nh5 16. Nd5 Nf6 17. Nxf6+ Bxf6 18. c3 Nc6 19. Qg3 Bh5 20. f5 Be5 {
Sereinig,E (2205)-Turuncic,B (1692)/Feffernitz 1997/EXT 2004/1-0 (47)}) (6. Re1
d5 7. Nbd2 Nc6 8. c3 d4 9. Nb3 Qd6 10. e4 e5 11. Nh4 dxc3 12. bxc3 b6 13. d4 c4
14. dxe5 Qxd1 15. Rxd1 Nxe5 16. Nd4 Bb7 17. f4 Nd3 18. e5 Ne4 19. Bd2 Rfe8 20.
Nb5 Re7 {Molina,W (2225)-Izquierdo,D (2295)/Mendoza 1985/MCD/0-1 (43)}) (6. c4
Nc6 $11) 6... Nc6 7. Nbd2 d5 8. e4 d4 {This push gains space} (8... dxe4 9.
dxe4 Qb6 10. h3 $15) 9. Nc4 Nd7 10. a4 Nb6 11. Nfd2 Nxc4 12. Nxc4 Be6 13. f4 a6
14. f5 {White gets more space} Bxc4 15. dxc4 {White has the pair of bishops}
Ne5 {A sound move} 16. b3 {Controls c4} d3 17. Bb2 d2 {
Black has a new passed pawn: d2} 18. Kh1 (18. Rf2 Nxc4 19. Bxg7 Ne3 20. Qxd2
Qxd2 21. Rxd2 Kxg7 $16) 18... Qd6 (18... Qa5 $5 $11 {is interesting}) 19. Qe2
$14 Rfd8 20. Rad1 h5 (20... Nc6 $5 21. Bxg7 Kxg7 $14) 21. Bc3 $16 Bh6 22. Bh3
Nc6 $4 {the final mistake, not that it matters anymore} (22... Rab8 $142 $16)
23. e5 $18 Qc7 24. e6 (24. fxg6 $142 {makes it even easier for White} fxg6 25.
Qe4 Kh7 26. Rf7+ Bg7 $18) 24... f6 25. fxg6 Nd4 26. Qxh5 (26. Qf2 $5 {
might be the shorter path} Nxc2 27. Bxd2 Bxd2 28. Rxd2 Nd4 $18) 26... Kg7 27.
Bxd2 {White has a mate threat.} (27. Qh4 $5 Rh8 28. Bxd4 cxd4 29. Qxd4 Qc6+ 30.
Qd5 Qxd5+ 31. cxd5 $18) 27... Rh8 $16 28. Qg4 (28. Be1 Bd2 {
Theme: Clearance for h8-h6} 29. Qg4 Bxe1 30. Rdxe1 $14 (30. Rfxe1 $2 f5 31. Qf4
Qxf4 32. gxf4 Rxh3 $19)) 28... Nxc2 $4 (28... Bxd2 29. Rxd2 f5 $18) 29. Bxh6+
$18 Rxh6 30. Rd7 Qc6+ (30... Qe5 31. Rxe7+ Kh8 32. Qf3 $18) 31. Bg2 (31. Kg1
Kg8 32. Qf4 Rxh3 33. Rxe7 Ne3 34. Qxe3 Qc8 $18) 31... Qxg2+ 32. Kxg2 Ne3+ 33.
Kf3 Nxg4 34. Rxe7+ (34. Kxg4 $6 Re8 35. h4 Rxg6+ 36. Kh3 f5 37. Rxf5 Rxe6 38.
Rxb7 Rc8 $18) 34... Kxg6 35. Kxg4 Rd8 (35... Rh5 {cannot change destiny} 36.
Rf7 Rg5+ 37. Kh3 $18) 36. h4 (36. Rf7 $142 {and White takes home the point}
Rd4+ 37. Rf4 Rxf4+ 38. gxf4 f5+ 39. Rxf5 Rxh2 40. Rf7 Rg2+ 41. Kf3 $18) 36...
Rd6 (36... Rd4+ {does not win a prize} 37. Rf4 f5+ 38. Kh3 Rxf4 39. gxf4 $18)
37. Rf5 (37. Re1 $142 {seems even better} Rd4+ 38. Kh3 $18) 37... b6 (37...
Rd4+ {a last effort to resist the inevitable} 38. Rf4 Rd6 $18) 38. h5+ Rxh5 39.
Rxh5 Rd4+ 40. Kf3 Kxh5 (40... Rd3+ {is the last straw} 41. Kf2 Rd4 $18) 41. Rd7
Kg6 42. Rxd4 cxd4 43. Ke4 (43. Ke4 d3 44. Kxd3 $18) 1-0